00709nam a2200265Ia 4500001001400000003000900014005001700023008004100040020001500081040002300096050001800119100002600137245005800163260005500221650002300276650002100299650002300320650002400343650001500367887001600382888000900398942001200407945000700419999001700426AUWbook000653BDCtgAUW20260406154908.0220908s9999 xx 000 0 eng d a0520242971 aBDCtgAUWcBDCtgAUW aBX4705.F37J661 aJonas, Raymond.95890 0aThe tragic tale of claire ferchaud and the great war. aBerkeley :bUniversity of California Press,c2005. 0a1914x1918.979207 0aCatholic Church. 0aDevotion to.95892 0aSacred Heart.95893 0aWorld War. a BRAC22982 22982 cBK2lcc cBK c16788d16788